Lonesome Dove (1989) Cast Match Quiz Stats

Quiz not verified by Sporcle

Challenge
Share
Tweet
Embed
Score 0/29 Timer 10:00
0 Plays Today
% Correct
Tommy Lee Jones
95.2%
Danny Glover
95.2%
Robert Duvall
92.9%
Diane Lane
91.3%
Anjelica Huston
89.7%
Robert Urich
84.9%
Ricky Schroder
84.9%
Frederic Forrest
69.8%
Chris Cooper
67.5%
D.B. Sweeney
57.9%
Glenne Headly
57.1%
Jorge Martínez de Hoyos
54.8%
Barry Corbin
54%
Steve Buscemi
49.2%
Timothy Scott
40.5%
% Correct
Barry Tubb
38.9%
León Singer
35.7%
William Sanderson
29.4%
Frederick Coffin
19%
Charlie Haynie
18.3%
Gavan O'Herlihy
17.5%
David Carpenter
15.1%
Kevin O'Morrison
14.3%
James McMurtry
13.5%
Sonny Carl Davis
12.7%
Ron Weyand
11.9%
Lanny Flaherty
11.9%
James Terry McIlvain
7.9%
Travis Swords
7.1%

You're not logged in!

Compare scores with friends on all Sporcle quizzes.
Join for Free
OR
Log In

You Might Also Like...

Show Comments

Extras

Created Nov 28, 2015SourceReportNominate
Tags:1989, duvall, jones, mini

Top Quizzes Today


Score Distribution

Your Account Isn't Verified!

In order to create a playlist on Sporcle, you need to verify the email address you used during registration. Go to your Sporcle Settings to finish the process.

Report this User

Report this user for behavior that violates our Community Guidelines.

Details: